Brevisimas notas de la historia antigua y moderna de Tonala (Record no. 6051)

MARC details
000 -LEADER
campo de control de longitud fija 01256aam a2200349 i 4500
001 - NÚMERO DE CONTROL
campo de control MOR01000006053
005 - FECHA Y HORA DE LA ÚLTIMA TRANSACCIÓN
campo de control 20260331054001.0
007 - CAMPO FIJO DE DESCRIPCIÓN FÍSICA--INFORMACIÓN GENERAL
campo de control de longitud fija ta
008 - DATOS DE LONGITUD FIJA--INFORMACIÓN GENERAL
campo de control de longitud fija 871501s1938 jam c 000 0 spa d
035 ## - NÚMERO DE CONTROL DEL SISTEMA
Número de control de sistema 870495
040 ## - FUENTE DE CATALOGACIÓN
Centro catalogador/agencia de origen mxcmmo
Lengua de catalogación spa
Normas de descripción rda
Centro/agencia transcriptor mxcmmo
041 0# - CÓDIGO DE IDIOMA
Código de lengua del texto/banda sonora o título independiente spa
043 ## - CÓDIGO DE ÁREA GEOGRÁFICA
Código de área geográfica n-mx-ja
045 ## - PERIODO DE TIEMPO DEL CONTENIDO
Código de periodo de tiempo t3w9
082 04 - NÚMERO DE LA CLASIFICACIÓN DECIMAL DEWEY
Número de clasificación 972.002
Número de ítem MIS.32
100 1# - ENTRADA PRINCIPAL--NOMBRE DE PERSONA
Nombre de persona Anesagasti y Llamas, Jaime
Fechas asociadas al nombre 1863-1910
Término indicativo de función/relación autor
9 (RLIN) 13955
245 10 - MENCIÓN DEL TÍTULO
Título Brevisimas notas de la historia antigua y moderna de Tonala
Resto del título : para uso de los alumnos de la Escuela de esta villa y especialmente de los parvulos del Asilo del Sagrado Corazón de Jesús/
Mención de responsabilidad, etc. por Jaime de Anesagasti y Llamas
264 #1 - PRODUCCIÓN, PUBLICACIÓN, DISTRIBUCIÓN, FABRICACIÓN Y COPYRIGHT
Producción, publicación, distribución, fabricación y copyright Guadalajara, Jalisco :
Nombre del de productor, editor, distribuidor, fabricante Casa Editora Jaime,
Fecha de producción, publicación, distribución, fabricación o copyright 1938.
300 ## - DESCRIPCIÓN FÍSICA
Extensión 25 páginas;
Dimensiones 16 cm
336 ## - TIPO DE CONTENIDO
Término de tipo de contenido texto
Código de tipo de contenido txt
Fuente rdacontent
337 ## - TIPO DE MEDIO
Nombre/término del tipo de medio sin medio
Código del tipo de medio n
Fuente rdamedia
338 ## - TIPO DE SOPORTE
Nombre/término del tipo de soporte volumen
Código del tipo de soporte nc
Fuente rdacarrier
651 #7 - PUNTO DE ACCESO ADICIONAL DE MATERIA--NOMBRE GEOGRÁFICO
Nombre geográfico Tonala (Jalisco)
Subdivisión general Historia
-- Estudio y ensenanza
9 (RLIN) 14208
900 ## - ELEMENTOS DE DATOS A LOCAL, LDA (RLIN)
Nombre de persona ALEPH14
Numeración 10
Títulos y otros términos asociados al nombre 20061103
Lenguaje de la obra MOR01
-- 1040
900 ## - ELEMENTOS DE DATOS A LOCAL, LDA (RLIN)
Nombre de persona BATCH-UPD
Numeración 00
Títulos y otros términos asociados al nombre 20120323
Lenguaje de la obra MOR01
-- 1729
900 ## - ELEMENTOS DE DATOS A LOCAL, LDA (RLIN)
Nombre de persona BATCH-UPD
Numeración 10
Títulos y otros términos asociados al nombre 20120321
Lenguaje de la obra MOR01
-- 1643
900 ## - ELEMENTOS DE DATOS A LOCAL, LDA (RLIN)
Nombre de persona BATCH
Numeración 00
Títulos y otros términos asociados al nombre 20120322
Lenguaje de la obra MOR01
-- 1707
900 ## - ELEMENTOS DE DATOS A LOCAL, LDA (RLIN)
Nombre de persona DYNIX
Numeración 00
Títulos y otros términos asociados al nombre 20030304
Lenguaje de la obra MOR01
-- 1715
904 ## - ELEMENTOS DE DATOS D LOCAL, LDD (RLIN)
a UPDATE
942 ## - ELEMENTOS DE ENTRADA SECUNDARIOS (KOHA)
Código de la institución [OBSOLETO] BK
901 ## - ELEMENTOS DE DATOS A LOCAL LDA (RLIN)
a batch batch
Holdings
Estatus retirado Estado de pérdida Fuente del sistema de clasificación o colocación Estado de daño No para préstamo Colección Biblioteca de origen Biblioteca actual Ubicación en estantería Fecha de adquisición Número de inventario Total de préstamos Signatura topográfica completa Código de barras Visto por última vez Precio de reemplazo Tipo de ítem Koha
    Clasificación Decimal Dewey     Libros (General) Biblioteca Instituto Mora Biblioteca Instituto Mora Regular 21/06/1994 034782   (G)/972.002 MIS.32 33291000439428 03/09/2024 03/09/2024 Libro préstamo regular